|
|
|
|
| LEADER |
01341ppm a22003138a 4500 |
| 001 |
00031133 |
| 005 |
20171026081025.0 |
| 008 |
130916s2012 ||||||viesd |
| 041 |
0 |
# |
|a vie
|
| 082 |
1 |
4 |
|a 577.07
|b S550D
|
| 100 |
1 |
# |
|a Lê, Thị Định
|
| 245 |
0 |
0 |
|a Sử dụng hoạt động khám phá để dạy - học chương I phần sinh thái học - sinh học 12 trung học phổ thông
|b Luận văn thạc sĩ giáo dục học. Chuyên ngành: Lý luận và phương pháp dạy học Sinh học. Mã số: 60.14.10
|c Lê Thị Định; Nguyễn Đình Nhâm (hướng dẫn)
|
| 260 |
# |
# |
|a Vinh
|b Đại học Vinh
|c 2012
|
| 300 |
# |
# |
|a 96 tr + phụ lục.
|c 30cm.
|
| 500 |
# |
# |
|a ĐTTTS ghi: Bộ giáo dục và đào tạo. Trường Đại học Vinh
|
| 653 |
# |
# |
|a Dạy học Sinh học
|
| 653 |
# |
# |
|a Hoạt động khám phá
|
| 653 |
# |
# |
|a sinh học 12
|
| 653 |
# |
# |
|a kỹ thuật dạy học
|
| 653 |
# |
# |
|a Luận văn
|
| 653 |
# |
# |
|a Sinh thái học
|
| 653 |
# |
# |
|a giáo dục học
|
| 700 |
1 |
# |
|a Nguyễn, Đình Nhâm
|e Hướng dẫn
|
| 852 |
# |
# |
|j LV.0000273
|
| 852 |
# |
# |
|b Kho đọc SĐH
|j LV.0000273
|
| 910 |
|
|
|d 16/09/2013
|
| 980 |
# |
# |
|a Trung tâm Học liệu Lê Vũ Hùng, Trường Đại học Đồng Tháp
|